000 00664nam a22002411c 4500
001 a987677098
008 160908s2016 gw |||| 000u rus d
020 _a9785519492843
_9978-5-519-49284-3
041 _arus
100 1 _aKondrat'ev, Nikolaj D.
245 0 0 _aRynok chlebov i ego regulirovanie vo vremja vojny i revoljucii
264 _aMoskva :
_bIzdatel'nye technologii,
_c2016
300 _a494 Seiten
650 0 _aErnährung
650 0 _aSozialgeschichte
650 0 _aOktoberrevolution
650 0 _aLandwirtschaft
650 0 _aWeltkrieg <1914-1918>
651 0 _aSowjetunion
942 _cMG
040 _cRU-10907106
003 RU-10907106
999 _c35856
_d35856